000 00350nam a22001457a 4500
005 20180413120920.0
008 160624b xxu||||| |||| 00| 0 eng d
041 _aeng
082 _b9744
_a348
245 _aThe Industrial Disputes Act 1947
260 _bConverical Law Publication
_c2009
300 _a144
650 _aManagement
_9241
942 _cBK
999 _c3788
_d3787